|
|
|
|
| LEADER |
00681cam a2200193 7i4500 |
| 001 |
0000001673 |
| 005 |
20170218090000.0 |
| 020 |
|
|
|a 9839585053 (pbk.)
|
| 090 |
0 |
0 |
|a TJ260
|b .S56 1991
|
| 100 |
1 |
|
|a Simonson, J.R
|
| 245 |
1 |
0 |
|a Pemindahan haba kejuruteraan
|c J. R. Simonson ; diterjemah oleh Mohammad Zainal B. Mohd. Yusof.
|
| 250 |
|
|
|a 2nd ed.
|
| 260 |
|
|
|a Skudai, Johor:
|b UTM,
|c 1991.
|
| 300 |
|
|
|a xvi, 305 p.;
|c 23 cm.
|
| 650 |
0 |
0 |
|a Heat engineering
|
| 700 |
0 |
|
|a Mohammad Zainal B. Mohd. Yusof
|
| 997 |
|
|
|a Engineering, Faculty
|b Engineering, Department
|
| 999 |
|
|
|a 0000000830
|b BOK
|c OPEN SHELF
|e 2nd Floor, Bestari Jaya
|
| 999 |
|
|
|a 0000001293
|b BOK
|c OPEN SHELF
|e 2nd Floor, Bestari Jaya
|